[Event "Mazowiec-chT op 1516"]
[Site "Poland"]
[Date "2015.12.13"]
[Round "3.8"]
[White "Pajak, Jakub Lech"]
[Black "Rozycki, Wojciech"]
[Result "1-0"]
[WhiteElo "1846"]
[BlackElo "1338"]
[PlyCount "119"]
[EventDate "2015.11.29"]
[EventType "team-tourn"]
[EventRounds "10"]
[EventCountry "POL"]
[SourceTitle "EXT 2019"]
[Source "ChessBase"]
[SourceDate "2018.10.10"]
[SourceVersion "1"]
[SourceVersionDate "2018.10.10"]
[SourceQuality "1"]

1. e4 e6 2. d4 d5 3. Nc3 Bb4 4. exd5 Qxd5 5. Qd2 Qa5 6. Bd3 Ne7 7. Nge2 0-0 8. 0-0 e5 9. dxe5 Qxe5 10. Qf4 Bd6 11. Qxe5 Bxe5 12. f4 Bd6 13. Ne4 Bb4 14. Be3 f5 15. Ng5 h6 16. Bc4+ Kh8 17. Nf7+ Kh7 18. c3 Ba5 19. Bc5 Nbc6 20. Nd4 Bb6 21. Bxb6 axb6 22. Nxc6 Nxc6 23. Bd5 Ne7 24. Bb3 c5 25. Rfe1 Nc6 26. Nd6 Na5 27. Nxc8 Nxb3 28. axb3 Rfxc8 29. Rxa8 Rxa8 30. Kf2 Ra2 31. Re2 Kg8 32. Ke3 Kf7 33. Kd3 b5 34. c4 b4 35. h3 b6 36. g4 g6 37. Ke3 Kf6 38. Kf3 fxg4+ 39. hxg4 h5 40. gxh5 gxh5 41. Rh2 Kg6 42. Ke4 Ra1 43. f5+ Kg5 44. Rg2+ Kh4 45. f6 Rf1 46. Ke5 Kh3 47. Rg8 h4 48. Ke6 Re1+ 49. Kd7 Rf1 50. Ke7 Re1+ 51. Kf8 Kh2 52. f7 h3 53. Rg6 Rg1 54. Rxb6 Kh1 55. Ke7 h2 56. f8Q Rg2 57. Kd6 Rg8 58. Qf1+ Rg1 59. Qf3+ Rg2 60. Kxc5 1-0

[Event "Mazowiec-chT op 1516"]
[Site "Poland"]
[Date "2015.11.29"]
[Round "1.7"]
[White "Skwirowski, Jacek"]
[Black "Rozycki, Wojciech"]
[Result "0-1"]
[WhiteElo "1110"]
[BlackElo "1338"]
[PlyCount "36"]
[EventDate "2015.11.29"]
[EventType "team-tourn"]
[EventRounds "10"]
[EventCountry "POL"]
[SourceTitle "EXT 2019"]
[Source "ChessBase"]
[SourceDate "2018.10.10"]
[SourceVersion "1"]
[SourceVersionDate "2018.10.10"]
[SourceQuality "1"]

1. d4 d5 2. Nf3 Nf6 3. Bf4 Bf5 4. e3 e6 5. c4 Bxb1 6. Rxb1 Bb4+ 7. Ke2 0-0 8. Qb3 c5 9. a3 Ba5 10. Qxb7 cxd4 11. Qxa8 Qb6 12. cxd5 Qb3 13. Nxd4 Qd3+ 14. Kf3 Qxb1 15. Qxa7 Qd1+ 16. Ne2 Qxd5+ 17. Kg3 Ne4+ 18. Kh3 Qh5# 0-1

[Event "Polanica Zdroj op-D 49th"]
[Site "Polanica Zdroj"]
[Date "2013.08.17"]
[Round "1"]
[White "Rozycki, Wojciech"]
[Black "Stoop, Jan"]
[Result "0-1"]
[WhiteElo "1422"]
[BlackElo "1782"]
[PlyCount "43"]
[EventDate "2013.08.17"]
[EventType "swiss"]
[EventRounds "9"]
[EventCountry "POL"]
[SourceTitle "EXT 2014"]
[Source "ChessBase"]
[SourceDate "2013.11.20"]
[SourceVersion "1"]
[SourceVersionDate "2013.11.20"]
[SourceQuality "1"]

1. e4 e5 2. Nf3 Nc6 3. d4 exd4 4. Nxd4 Nf6 5. Nxc6 bxc6 6. e5 Qe7 7. f4 d6 8. Qf3 Nd5 9. Bc4 Bb7 10. 0-0 dxe5 11. Qb3 0-0-0 12. Nc3 e4 13. f5 Qc5+ 14. Kh1 Re8 15. Re1 e3 16. Nxd5 cxd5 17. Bb5 c6 18. Bf1 d4 19. c3 Qxf5 20. cxd4 e2 21. Bxe2 Rxe2 22. Qd1 0-1

[Event "Polanica Zdroj op-D 47th"]
[Site "Polanica Zdroj"]
[Date "2011.08.24"]
[Round "5"]
[White "Szamrej, Jozef"]
[Black "Rozycki, Wojciech"]
[Result "1-0"]
[WhiteElo "1784"]
[BlackElo "1484"]
[PlyCount "113"]
[EventDate "2011.08.20"]
[EventType "swiss"]
[EventRounds "9"]
[EventCountry "POL"]
[SourceTitle "EXT 2014"]
[Source "ChessBase"]
[SourceDate "2013.11.20"]
[SourceVersion "1"]
[SourceVersionDate "2013.11.20"]
[SourceQuality "1"]

1. e4 e6 2. g3 b6 3. Bg2 Bb7 4. Ne2 Nf6 5. Nbc3 d5 6. f3 Bd6 7. d3 c5 8. Nb5 a6 9. Nxd6+ Qxd6 10. Bf4 e5 11. Bd2 Nbd7 12. c3 d4 13. c4 h6 14. h4 0-0-0 15. Kf2 Rdf8 16. g4 g6 17. Ng3 h5 18. g5 Ne8 19. Bh3 Ng7 20. Ke2 Kc7 21. Rb1 f6 22. b4 fxg5 23. hxg5 h4 24. Nf1 Qe7 25. Qb3 Qf7 26. Nh2 Nh5 27. Ke1 Nf4 28. Bg4 Bc6 29. Kf2 Qe7 30. Bxd7 Bxd7 31. bxc5 b5 32. Ba5+ Kc8 33. Rbg1 Nh3+ 34. Ke1 Nxg1 35. Rxg1 Qxc5 36. Bb4 Qb6 37. Bxf8 Rxf8 38. Ke2 Qc5 39. Rc1 b4 40. Rb1 a5 41. a3 Qe7 42. axb4 Qxg5 43. bxa5 Qe3+ 44. Kd1 Qg1+ 45. Kc2 Qxh2+ 46. Kc1 Qg1+ 47. Kb2 Qg5 48. Ka1 Kd8 49. Qa3 Qf6 50. a6 Bc6 51. Rb8+ Kc7 52. Rxf8 Qg5 53. a7 Qg1+ 54. Ka2 Qf2+ 55. Qb2 Qe1 56. Rf7+ Kd6 57. Qa3+ 1-0

[Event "POL-chT3 Mazowiecki"]
[Site "Warsaw"]
[Date "2011.03.06"]
[Round "7.61"]
[White "Grabara, Krzysztof"]
[Black "Rozycki, Wojciech"]
[Result "1-0"]
[WhiteElo "2000"]
[BlackElo "1483"]
[PlyCount "47"]
[EventDate "2011.01.09"]
[EventType "team-tourn"]
[EventRounds "10"]
[EventCountry "POL"]
[SourceTitle "EXT 2015"]
[Source "ChessBase"]
[SourceDate "2014.11.20"]
[SourceVersion "1"]
[SourceVersionDate "2014.11.20"]
[SourceQuality "1"]
[WhiteTeam "Zielonka Zieloni III"]
[BlackTeam "Chylice UKS Szachylice II"]
[WhiteTeamCountry "POL"]
[BlackTeamCountry "POL"]

1. e4 e6 2. d4 d5 3. Nd2 Nf6 4. e5 Nfd7 5. Bd3 c5 6. c3 Nc6 7. Ne2 Qb6 8. Nf3 f6 9. exf6 Nxf6 10. 0-0 Bd6 11. Rb1 Bd7 12. Re1 Qc7 13. g3 0-0-0 14. Ng5 Rde8 15. Nf7 Rhf8 16. Nxd6+ Qxd6 17. dxc5 Qxc5 18. b4 Qd6 19. Be3 Qc7 20. Nd4 Nxd4 21. cxd4 Kd8 22. b5 e5 23. b6 axb6 24. dxe5 1-0

[Event "POL-chT3 Mazowiecki"]
[Site "Warsaw"]
[Date "2011.02.06"]
[Round "6.37"]
[White "Wojcikiewicz, Dariusz"]
[Black "Rozycki, Wojciech"]
[Result "1-0"]
[WhiteElo "1446"]
[BlackElo "1483"]
[PlyCount "33"]
[EventDate "2011.01.09"]
[EventType "team-tourn"]
[EventRounds "10"]
[EventCountry "POL"]
[SourceTitle "EXT 2015"]
[Source "ChessBase"]
[SourceDate "2014.11.20"]
[SourceVersion "1"]
[SourceVersionDate "2014.11.20"]
[SourceQuality "1"]
[WhiteTeam "Jablonna Lotos"]
[BlackTeam "Chylice UKS Szachylice II"]
[WhiteTeamCountry "POL"]
[BlackTeamCountry "POL"]

1. b3 d5 2. Bb2 Nc6 3. e3 e5 4. Bb5 Bd6 5. Nf3 Qf6 6. Bxc6+ bxc6 7. d3 Ne7 8. Nbd2 Be6 9. 0-0 Ng6 10. Rc1 Qe7 11. c4 f5 12. Qc2 c5 13. cxd5 Bxd5 14. e4 Be6 15. d4 cxd4 16. exf5 Nf4 17. fxe6 1-0

[Event "POL-chT3 Mazowiecki"]
[Site "Warsaw"]
[Date "2011.01.09"]
[Round "1.61"]
[White "Kania, Wlodzimierz"]
[Black "Rozycki, Wojciech"]
[Result "1-0"]
[WhiteElo "1865"]
[BlackElo "1483"]
[PlyCount "39"]
[EventDate "2011.01.09"]
[EventType "team-tourn"]
[EventRounds "10"]
[EventCountry "POL"]
[SourceTitle "EXT 2015"]
[Source "ChessBase"]
[SourceDate "2014.11.20"]
[SourceVersion "1"]
[SourceVersionDate "2014.11.20"]
[SourceQuality "1"]
[WhiteTeam "Nowy Dwor Mazowiecki"]
[BlackTeam "Chylice UKS Szachylice II"]
[WhiteTeamCountry "POL"]
[BlackTeamCountry "POL"]

1. e4 e6 2. d4 d5 3. exd5 exd5 4. Nf3 Bg4 5. Be2 Bd6 6. h3 Bh5 7. 0-0 Nc6 8. c3 Qd7 9. Ne5 Bxe2 10. Qxe2 Nxe5 11. dxe5 Bc5 12. Be3 Bxe3 13. Qxe3 g6 14. Nd2 0-0-0 15. Nf3 f5 16. Nd4 c5 17. e6 Qe7 18. Nc6 Qd6 19. Nxd8 Kxd8 20. Qg5+ 1-0

[Event "Polanica Zdroj op-B 46th"]
[Site "Polanica Zdroj"]
[Date "2010.08.26"]
[Round "9"]
[White "Golaszewski, Marek"]
[Black "Rozycki, Wojciech"]
[Result "1-0"]
[WhiteElo "1721"]
[BlackElo "1499"]
[PlyCount "53"]
[EventDate "2010.08.18"]
[EventType "swiss"]
[EventRounds "9"]
[EventCountry "POL"]
[SourceTitle "CBM 138 Extra"]
[Source "ChessBase"]
[SourceDate "2010.10.29"]
[SourceVersion "1"]
[SourceVersionDate "2010.10.29"]
[SourceQuality "1"]

1. e4 e6 2. d4 d5 3. exd5 exd5 4. Nf3 Bg4 5. h3 Bh5 6. Be2 Bd6 7. Nc3 Ne7 8. Ne5 Bg6 9. 0-0 Bxe5 10. dxe5 Nbc6 11. Bb5 Qd7 12. Bg5 0-0-0 13. Qe2 Rhe8 14. Rad1 Qe6 15. f4 h6 16. Bh4 Rd7 17. Na4 b6 18. c4 Nf5 19. cxd5 Rxd5 20. Rc1 Ncd4 21. Ba6+ Kb8 22. Qc4 c6 23. Bf2 b5 24. Bxb5 cxb5 25. Qc7+ Ka8 26. Rc3 Qd7 27. Nb6+ 1-0

[Event "Warsaw FIDE op"]
[Site "Warsaw"]
[Date "2010.08.07"]
[Round "3"]
[White "Rozycki, Wojciech"]
[Black "Rozycki, Bartlomiej"]
[Result "0-1"]
[WhiteElo "1499"]
[BlackElo "1748"]
[PlyCount "60"]
[EventDate "2010.08.06"]
[EventType "swiss"]
[EventRounds "5"]
[EventCountry "POL"]
[SourceTitle "CBM 138 Extra"]
[Source "ChessBase"]
[SourceDate "2010.10.29"]
[SourceVersion "1"]
[SourceVersionDate "2010.10.29"]
[SourceQuality "1"]

1. e4 e5 2. Nf3 Nc6 3. d4 exd4 4. Nxd4 Bc5 5. Be3 Qf6 6. c3 Nge7 7. Nc2 Bxe3 8. Nxe3 0-0 9. Bd3 d6 10. 0-0 Ng6 11. Nd5 Qd8 12. Nd2 Be6 13. f4 Bxd5 14. exd5 Nce7 15. f5 Ne5 16. f6 N7g6 17. fxg7 Kxg7 18. Bf5 Qg5 19. Ne4 Qe3+ 20. Kh1 Rae8 21. Qh5 Nd3 22. Ng5 Nf2+ 23. Rxf2 Qxf2 24. Qxh7+ Kf6 25. Ne4+ Rxe4 26. Bxe4 Rh8 27. Bxg6 Rxh7 28. Bxh7 Qxb2 29. Rf1+ Kg7 30. Be4 Qe2 0-1

[Event "Szachylice op"]
[Site "Szachylice"]
[Date "2009.12.30"]
[Round "5.7"]
[White "Rozycki, Wojciech"]
[Black "Sacharewicz, Krzysztof"]
[Result "1/2-1/2"]
[WhiteElo "1564"]
[BlackElo "1396"]
[PlyCount "61"]
[EventDate "2009.12.27"]
[EventType "swiss"]
[EventRounds "9"]
[EventCountry "POL"]
[SourceTitle "EXT 2023"]
[Source "ChessBase"]
[SourceDate "2022.10.05"]
[SourceVersion "1"]
[SourceVersionDate "2022.10.05"]
[SourceQuality "1"]

1. e4 e6 2. d4 d5 3. Nc3 dxe4 4. Nxe4 Nc6 5. Nf3 Nf6 6. Bg5 Be7 7. Ng3 h6 8. Bf4 Nd5 9. Qd2 Nxf4 10. Qxf4 Qd6 11. Qd2 Bf6 12. 0-0-0 b6 13. Ne4 Qb4 14. Nxf6+ gxf6 15. Qf4 Qe7 16. Bb5 Bd7 17. Qxc7 Rc8 18. Qf4 Nb4 19. Bxd7+ Kxd7 20. c3 Nxa2+ 21. Kb1 Nxc3+ 22. bxc3 Qa3 23. Ne5+ Ke7 24. d5 Qb3+ 25. Ka1 Qxc3+ 26. Ka2 fxe5 27. d6+ Kf8 28. Qf6 Qa5+ 29. Kb1 Qb4+ 30. Ka1 Qa4+ 31. Kb1 1/2-1/2

[Event "Szachylice op"]
[Site "Szachylice"]
[Date "2009.12.27"]
[Round "2.6"]
[White "Rozycki, Bartlomiej"]
[Black "Rozycki, Wojciech"]
[Result "1-0"]
[WhiteElo "1740"]
[BlackElo "1564"]
[PlyCount "33"]
[EventDate "2009.12.27"]
[EventType "swiss"]
[EventRounds "9"]
[EventCountry "POL"]
[SourceTitle "EXT 2023"]
[Source "ChessBase"]
[SourceDate "2022.10.05"]
[SourceVersion "1"]
[SourceVersionDate "2022.10.05"]
[SourceQuality "1"]

1. e4 e6 2. d4 d5 3. Nc3 Bb4 4. e5 c5 5. a3 Bxc3+ 6. bxc3 Ne7 7. h4 Nbc6 8. h5 Qb6 9. Nf3 Bd7 10. h6 g6 11. Be2 0-0-0 12. 0-0 c4 13. Bg5 Rdf8 14. Bf6 Rhg8 15. Ng5 Nf5 16. Nxh7 Re8 17. Qd2 1-0

[Event "Mazowiec-chT op 0910"]
[Site "Mazowsze"]
[Date "2009.12.13"]
[Round "2.31"]
[White "Kolinski, Daniel"]
[Black "Rozycki, Wojciech"]
[Result "1-0"]
[WhiteElo "1753"]
[BlackElo "1564"]
[PlyCount "33"]
[EventDate "2009.11.29"]
[EventType "team-tourn"]
[EventRounds "10"]
[EventCountry "POL"]
[SourceTitle "EXT 2011"]
[Source "ChessBase"]
[SourceDate "2010.11.26"]
[SourceVersion "1"]
[SourceVersionDate "2010.11.26"]
[SourceQuality "1"]

1. e4 e6 2. d4 d5 3. e5 c5 4. c3 Qb6 5. Nf3 Bd7 6. Be2 Bb5 7. h3 Bxe2 8. Qxe2 Nc6 9. Be3 f6 10. exf6 Nxf6 11. dxc5 Qc7 12. 0-0 0-0-0 13. Na3 Ne5 14. Nxe5 Qxe5 15. Qb5 Kb8 16. c6 b6 17. Bxb6 1-0

[Event "Chylice Fidelice Cup"]
[Site "Chylice"]
[Date "2009.10.09"]
[Round "1.5"]
[White "Sujkowski, Pawel"]
[Black "Rozycki, Wojciech"]
[Result "1-0"]
[WhiteElo "1882"]
[BlackElo "1573"]
[PlyCount "41"]
[EventDate "2009.10.09"]
[EventType "swiss"]
[EventRounds "5"]
[EventCountry "POL"]
[SourceTitle "EXT 2023"]
[Source "ChessBase"]
[SourceDate "2022.10.05"]
[SourceVersion "1"]
[SourceVersionDate "2022.10.05"]
[SourceQuality "1"]

1. e4 e6 2. d4 d5 3. Nc3 Bb4 4. Nge2 c5 5. dxc5 Nc6 6. exd5 exd5 7. a3 Bxc5 8. Qxd5 Bd4 9. Qxd8+ Kxd8 10. Nxd4 Nxd4 11. Bd3 Ne7 12. 0-0 Bf5 13. Ne4 Kd7 14. Rd1 Kc6 15. Be3 Bg4 16. f3 Nef5 17. Bxd4 Bxf3 18. Bf2 Bxd1 19. Rxd1 Rhd8 20. Ng5 h6 21. Nxf7 1-0